|
|
|
|
| LEADER |
01254nam a2200349 4500 |
| 001 |
000004565 |
| 003 |
704 |
| 005 |
20120412080459.0 |
| 008 |
110722s1982 viesd |
| 020 |
|
|
|c 8.000đ
|
| 041 |
0 |
|
|a vie
|
| 082 |
|
|
|a 839.8
|b NE-A
|
| 100 |
0 |
|
|a Nê-Xơ An-Đéc-Xen
|
| 245 |
1 |
0 |
|a ĐI-Tê-Con của người đời
|c Phương Văn dịch
|n Tập 3
|
| 250 |
|
|
|a In lần thứ hai, có sửa chữa
|
| 260 |
|
|
|a H.
|b NXB. Lao động
|c 1982
|
| 300 |
|
|
|a 445 tr
|c 19 cm
|
| 653 |
|
|
|a Văn học Đan Mạch
|
| 653 |
|
|
|a Tiểu thuyết Đan Mạch
|
| 700 |
|
|
|a Phương Văn
|e Dịch
|
| 773 |
|
|
|b In lần thứ hai, có sửa chữa
|d NXB. Lao động
|d H. Hà Nội
|d 1982
|t Đi-Tê-Con của người đời
|w 703
|
| 910 |
|
|
|a Huỳnh Thị Cẩm Lai
|d 22/07/2011
|
| OWN |
|
|
|a LSP
|
| AVA |
|
|
|a UDN50
|b LSP
|d 839.8 NE-A
|e unavailable
|t Error 5002 Not defined in file expand_doc_bib_avail.
|f 3
|g 3
|h N
|i 0
|k 1
|
| 999 |
|
|
|a From the UDN01
|
| AVA |
|
|
|a UDN50
|b LSP
|d 839.8 NE-A
|e unavailable
|t Error 5002 Not defined in file expand_doc_bib_avail.
|f 3
|g 3
|h N
|i 0
|k 1
|
| TYP |
|
|
|a Monograph
|
| TYP |
|
|
|a Printed language
|
| 980 |
|
|
|a Mạng thư viện Đại học Đà Nẵng
|